| 000 | 01070nam a22003257a 4500 | ||
|---|---|---|---|
| 003 | CHAP | ||
| 005 | 20220329143217.0 | ||
| 008 | 070228d2006 mx r 00110 spa d | ||
| 010 | _a93346 | ||
| 011 | _a94318 | ||
| 020 | _a968 02 0256 9 | ||
| 035 | _a104905 | ||
| 040 | _cCHAP | ||
| 090 | _aFolleto 17093 | ||
| 100 | 0 | 0 |
_aMendoza Castelán, Guillermo. _974621 |
| 245 | 1 | 3 |
_aLa medicina tradicional... la otra realidad _c/por Guillermo Mendoza Castelán |
| 260 |
_aChapingo, Méx. : _bUACH. Departamento de Fitotecnia _c2006. |
||
| 300 | _a74 p. | ||
| 590 |
_aBATCH-UPD _b10 _c20130110 _lUCH01 _h1013 |
||
| 590 |
_aBATCH-UPD _b10 _c20130410 _lUCH01 _h0620 |
||
| 590 |
_aBATCH-UPD _b10 _c20130914 _lUCH01 _h0742 |
||
| 590 |
_aCONVERSION _b10 _c20130109 _lUCH01 _h1352 |
||
| 650 | 1 | 4 |
_aBotánica médica. _914680 |
| 650 | 1 | 4 |
_aMateria médica mexicana. _972930 |
| 901 | _aBK | ||
| 905 | _aElisama A. H. | ||
| 942 | _cFOLL | ||
| 949 |
_aFolleto 17093 _bBC _cFOLL _d33724002018611 _eTS1 _i104905 _sb |
||
| 949 |
_aFolleto 17093 _bBC _cUACH _d33724002018652 _eUACH _fc.2 _i104905 _sb |
||
| 999 |
_c93346 _d93346 |
||